Catálogo público

Estudio del cultivo del maguey tequilero Agave tequilana Weber y su industrialización en la región centro del estado de Jalisco (Record no. 74635)

MARC details
000 -CABECERA
campo de control de longitud fija 01259cam a22003497a 4500
003 - IDENTIFICADOR DEL NÚMERO DE CONTROL
campo de control CHAP
005 - FECHA Y HORA DE LA ÚLTIMA TRANSACCIÓN
campo de control 20220329141834.0
008 - DATOS DE LONGITUD FIJA--INFORMACIÓN GENERAL
campo de control de longitud fija 971202d1997 mx a r 00110 spa d
010 ## - NÚMERO DE CONTROL DE LA BIBLIOTECA DEL CONGRESO
Número de control de LC 74635
011 ## - ENLACE DEL NUMERO DE CONTROL DE LA BIBLIOTECA DEL CONGRESO [OBSOLETO]
Número de control de LC 75607
035 ## - NÚMERO DE CONTROL DEL SISTEMA
Número de control de sistema 85173
040 ## - FUENTE DE LA CATALOGACIÓN
Centro/agencia transcriptor CHAP
090 ## - LOCALMENTE ASIGNADO TIPO-LC NÚMERO DE CLASIFICACIÓN (OCLC); NÚMERO DE CLASIFICACIÓN LOCAL (RLIN)
Número de clasificación (OCLC) (R) ; Numero de clasificación, CALL (RLIN) (NR) Tesis
100 00 - ENTRADA PRINCIPAL--NOMBRE DE PERSONA
Nombre de persona García Hernández, José Jaime.
9 (RLIN) 46125
245 10 - MENCIÓN DE TÍTULO
Título Estudio del cultivo del maguey tequilero Agave tequilana Weber y su industrialización en la región centro del estado de Jalisco
Mención de responsabilidad, etc. /por José Jaime García Hernández
260 ## - PUBLICACIÓN, DISTRIBUCIÓN, ETC.
Lugar de publicación, distribución, etc. Chapingo, Méx. :
Nombre del editor, distribuidor, etc. El autor,
Fecha de publicación, distribución, etc. 1997.
300 ## - DESCRIPCIÓN FÍSICA
Extensión 90 h. :
Otras características físicas ilus.
502 ## - NOTA DE TESIS
Nota de tesis Tesis (Ing. Agr. Esp. en Zonas Aridas) -- UACH. Departamento de Zonas Aridas
590 ## - NOTA LOCAL (RLIN)
Nota local ALEPH
Procedencia (VM) [OBSOLETO] 10
Condición del los carretes individuales (VM) [OBSOLETO] 20130110
-- UCH01
-- 1420
590 ## - NOTA LOCAL (RLIN)
Nota local BATCH-UPD
Procedencia (VM) [OBSOLETO] 10
Condición del los carretes individuales (VM) [OBSOLETO] 20130110
-- UCH01
-- 1335
590 ## - NOTA LOCAL (RLIN)
Nota local BATCH-UPD
Procedencia (VM) [OBSOLETO] 10
Condición del los carretes individuales (VM) [OBSOLETO] 20130410
-- UCH01
-- 0839
590 ## - NOTA LOCAL (RLIN)
Nota local BATCH-UPD
Procedencia (VM) [OBSOLETO] 10
Condición del los carretes individuales (VM) [OBSOLETO] 20130913
-- UCH01
-- 1959
590 ## - NOTA LOCAL (RLIN)
Nota local CONVERSION
Procedencia (VM) [OBSOLETO] 10
Condición del los carretes individuales (VM) [OBSOLETO] 20130109
-- UCH01
-- 1341
650 14 - PUNTO DE ACCESO ADICIONAL DE MATERIA--TÉRMINO DE MATERIA
Término de materia o nombre geográfico como elemento de entrada Agave tequilana.
9 (RLIN) 1107
650 14 - PUNTO DE ACCESO ADICIONAL DE MATERIA--TÉRMINO DE MATERIA
Término de materia o nombre geográfico como elemento de entrada Agave
Subdivisión general Jalisco.
9 (RLIN) 1081
650 14 - PUNTO DE ACCESO ADICIONAL DE MATERIA--TÉRMINO DE MATERIA
Término de materia o nombre geográfico como elemento de entrada Tequila
Subdivisión general Elaboración.
9 (RLIN) 112338
901 ## - ELEMENTOS DE DATOS A LOCAL LDA (RLIN)
a BK
905 ## - ELEMENTOS DE DATOS E LOCAL, LDE (RLIN)
a Lilia Sánchez G.
942 ## - ELEMENTOS DE PUNTO DE ACCESO ADICIONAL (KOHA)
Tipo de ítem Koha Folleto
949 ## - PROCESAMIENTO DE INFORMACIÓN LOCAL (OCLC)
b BC
c TES
d 33724000636841
e TS2
f c.2
h 31382
i 85173
s i
949 ## - PROCESAMIENTO DE INFORMACIÓN LOCAL (OCLC)
b BC
c TES
d 851731
e TS1
h 31381
i 85173
s b
Holdings
Estado de retiro Estado de pérdida Fuente del sistema de clasificación o colocación Estado dañado Restricciones de uso No para préstamo Código de colección Localización permanente Ubicación/localización actual Ubicación en estantería Fecha de adquisición Información codificada de la localización en otra ubicación Total de préstamos Signatura topográfica completa Código de barras Fecha visto por última vez Fecha del último préstamo Número de copia Precio válido a partir de Tipo de ítem Koha
    Clasificación Universidad Autónoma de Chapingo   Préstamo 3 días   Tesis Biblioteca Central Biblioteca Central Planta alta - Área de Tesis - Tesis 31/12/2019 TESIS 1 Tesis 33724000636841 21/10/2025 14/10/2025 c.2 31/12/2019 Tesis
    Clasificación Universidad Autónoma de Chapingo   Préstamo interno   Tesis Biblioteca Central Biblioteca Central Planta alta - Área de Tesis - Tesis 31/12/2019 TESIS   Tesis 851731 31/12/2019     31/12/2019 Tesis